• 首页
  • 本馆介绍
  • 公告通知
  • 最新文献
  • 馆藏检索
  • 电子资源
  • 读者导购
  • 参考咨询
  • 我的图书馆
  • 登录
  • 详细信息显示
  • 放入我的书架
  • 预约/预借图书
  • 作者相关作品
  • 分类相关作品
  • 丛书相关作品
  • 出版社相关作品

书目信息

  • 表格格式
  • 工作单格式
  • 卡片格式
题名:
灵感与手感
    
 
作者: 傅东黎, , 傅思怡, 著
分册:  
出版信息: 北京   中国电力出版社  2017.02
页数: 190页
开本: 29cm
丛书名:
单 册:
中图分类: J214.2 , J214
科图分类:
主题词: 钢笔画--gang bi hua--绘画技法--高等教育--教材
电子资源:
ISBN: 978-7-5123-9871-9
000 01250nam0 2200289 450
001 2340855443
005 20231125112112.22
010    @a978-7-5123-9871-9@dCNY60.00
100    @a20170329d2017 em y0chiy50 ea
101 0  @achi
102    @aCN@b110000
105    @aa a 000yy
200 1  @a灵感与手感@Aling gan yu shou gan@e钢笔画技法@f傅东黎, 傅思怡著
210    @a北京@c中国电力出版社@d2017.02
215    @a190页@c图@d29cm
314    @a傅东黎, 1960年生人, 1988年毕业于中国美术学院版画系, 中国美术家协会会员, 199年获国家鲁迅版画奖, 浙江大学建筑系副教授, 浙江省高校教师资格专业评审。傅思怡, 1989年生于浙江省杭州市, 1998年荣获省钢琴大赛三等奖等。
320    @a有书目 (第189页)
330    @a本书系统介绍钢笔画如何入门, 自然风景和建筑风景的表现, 人物、植物、动物的艺术表现, 园林、环境的透视画法, 动画与漫画的设计与创作, 并专设作品赏析。本书主要内容包括: 钢笔画概述 ; 钢笔画基础 ; 造型要素等。
333    @a“十三五”普通高等教育规划教材
517 1  @a钢笔画技法@Agang bi hua ji fa
606 0  @a钢笔画@Agang bi hua@x绘画技法@x高等教育@j教材
690    @aJ214.2@v5
690    @aJ214@v4
701  0 @a傅东黎,@Afu dong li@f1960-@4著
701  0 @a傅思怡,@Afu si yi@f1989-@4著
801  0 @aCN@b人天书店@c20170329
905    @aBZT@dJ214@e49
    
    灵感与手感:钢笔画技法/傅东黎, 傅思怡著.-北京:中国电力出版社,2017.02
    190页:图;29cm
    使用对象:“十三五”普通高等教育规划教材
    
    ISBN 978-7-5123-9871-9:CNY60.00
    本书系统介绍钢笔画如何入门, 自然风景和建筑风景的表现, 人物、植物、动物的艺术表现, 园林、环境的透视画法, 动画与漫画的设计与创作, 并专设作品赏析。本书主要内容包括: 钢笔画概述 ; 钢笔画基础 ; 造型要素等。
●
相关链接 在五车中查询图书 在当当中查询图书 在豆瓣中查询图书


正题名:灵感与手感     索取号:J214/49         预约/预借

序号 登录号 条形码 馆藏地/架位号 状态 备注
1 2001081594   2001081594   东辅楼二楼书库/ [索取号:J214/49] 在馆    
2 2001081595   2001081595   东辅楼二楼书库/ [索取号:J214/49] 在馆    
3 2001081596   2001081596   东辅楼二楼书库/ [索取号:J214/49] 在馆    
4 2001081597   2001081597   东辅楼二楼书库/ [索取号:J214/49] 在馆    
5 2001081598   2001081598   东辅楼二楼书库/ [索取号:J214/49] 在馆    
6 2001081599   2001081599   东辅楼二楼书库/ [索取号:J214/49] 在馆    
7 2001081600   2001081600   东辅楼二楼书库/ [索取号:J214/49] 在馆    
8 2001081601   2001081601   东辅楼二楼书库/ [索取号:J214/49] 在馆    
9 2001081602   2001081602   东辅楼二楼书库/ [索取号:J214/49] 在馆    
10 2001081603   2001081603   东辅楼二楼书库/ [索取号:J214/49] 在馆    
11 2001081604   2001081604   东辅楼二楼书库/ [索取号:J214/49] 在馆    
12 2001081605   2001081605   东辅楼二楼书库/ [索取号:J214/49] 在馆    
13 2001081606   2001081606   东辅楼二楼书库/ [索取号:J214/49] 在馆    
14 2001081607   2001081607   东辅楼二楼书库/ [索取号:J214/49] 在馆    
15 2001081608   2001081608   东辅楼二楼书库/ [索取号:J214/49] 在馆    
16 2001081609   2001081609   东辅楼二楼书库/ [索取号:J214/49] 在馆    
17 2001081610   2001081610   东辅楼二楼书库/ [索取号:J214/49] 在馆    
18 2001081611   2001081611   东辅楼二楼书库/ [索取号:J214/49] 在馆    
19 2001081612   2001081612   东辅楼二楼书库/ [索取号:J214/49] 在馆    
20 2001081613   2001081613   东辅楼二楼书库/ [索取号:J214/49] 在馆    
21 2001081614   2001081614   东辅楼二楼书库/ [索取号:J214/49] 在馆    
22 2001081615   2001081615   东辅楼二楼书库/ [索取号:J214/49] 在馆    
23 2001081616   2001081616   东辅楼二楼书库/ [索取号:J214/49] 在馆    
24 2001081617   2001081617   东辅楼二楼书库/ [索取号:J214/49] 在馆    
25 2001081618   2001081618   东辅楼二楼书库/ [索取号:J214/49] 在馆    
26 2001081619   2001081619   东辅楼二楼书库/ [索取号:J214/49] 在馆    
27 2001081620   2001081620   东辅楼二楼书库/ [索取号:J214/49] 在馆    
28 2001081621   2001081621   东辅楼二楼书库/ [索取号:J214/49] 在馆    
29 2001081622   2001081622   东辅楼二楼书库/ [索取号:J214/49] 在馆    
30 2001081623   2001081623   东辅楼二楼书库/ [索取号:J214/49] 在馆    
山东省滨州职业学院图书馆 欢迎您!
大连网信软件有限公司© 版权所有